A magzat állapotának megítélése oxitocin provokációs teszt segítségével, fokozott kockázatú terhességben [Assessment of the foetus' state by means of oxytocin provocation test in gravidity with increased risk]

Elmentve itt :
Bibliográfiai részletek
Szerzők: Bártfai György
Kovács László
Dokumentumtípus: Cikk
Megjelent: 1982
Sorozat:ORVOSKÉPZÉS 57 No. 1
Tárgyszavak:
mtmt:1858098
Online Access:http://publicatio.bibl.u-szeged.hu/33465
LEADER 00872nab a2200217 i 4500
001 publ33465
005 20250526090547.0
008 250526s1982 hu o 000 hun d
022 |a 0030-6037 
024 7 |a 1858098  |2 mtmt 
040 |a SZTE Publicatio Repozitórium  |b hun 
041 |a hun 
100 1 |a Bártfai György 
245 1 2 |a A magzat állapotának megítélése oxitocin provokációs teszt segítségével, fokozott kockázatú terhességben [Assessment of the foetus' state by means of oxytocin provocation test in gravidity with increased risk]  |h [elektronikus dokumentum] /  |c  Bártfai György 
260 |c 1982 
300 |a 60-70 
490 0 |a ORVOSKÉPZÉS  |v 57 No. 1 
650 4 |a Klinikai orvostan 
650 4 |a Egyéb orvostudományok 
700 0 1 |a Kovács László  |e aut 
856 4 0 |u http://publicatio.bibl.u-szeged.hu/33465/1/aok_klny_47_82.pdf  |z Dokumentum-elérés